<?xml version="1.0" encoding="UTF-8"?>
<marc:record xmlns:marc="http://www.loc.gov/MARC21/slim">
   <marc:leader>00000nam a2200000 a 4500</marc:leader>
   <marc:datafield ind1="1" ind2=" " tag="100">
      <marc:subfield code="a">Han, Jenny</marc:subfield>
      <marc:subfield code="4">aut</marc:subfield>
      <marc:subfield code="e">Verfasser/-in</marc:subfield>
   </marc:datafield>
   <marc:datafield ind1="0" ind2="0" tag="245">
      <marc:subfield code="a">Der Sommer, als ich schön wurde</marc:subfield>
   </marc:datafield>
   <marc:datafield ind1="0" ind2="0" tag="245">
      <marc:subfield code="c">Han, Jenny</marc:subfield>
   </marc:datafield>
   <marc:datafield ind1=" " ind2="1" tag="264">
      <marc:subfield code="a">München</marc:subfield>
      <marc:subfield code="b">dtv Verlagsgesellschaft</marc:subfield>
      <marc:subfield code="c">2022</marc:subfield>
   </marc:datafield>
   <marc:datafield ind1="1" ind2=" " tag="490">
      <marc:subfield code="a">The Summer I Turned Pretty-Serie</marc:subfield>
      <marc:subfield code="v">1</marc:subfield>
   </marc:datafield>
   <marc:datafield ind1=" " ind2=" " tag="250">
      <marc:subfield code="a">1. Auflage</marc:subfield>
   </marc:datafield>
   <marc:datafield ind1="1" ind2=" " tag="520">
      <marc:subfield code="a">Angaben aus der Verlagsmeldung&#xD;
&#xD;
Der Sommer, als ich schön wurde / von Jenny Han&#xD;
&#xD;
Die Sommer in Susannahs Strandhaus waren schon immer die Highlights in Bellys Leben. Und Susannahs Söhne Jeremiah und Conrad sind vielleicht das Wichtigste an den Ferien. In diesem Sommer fühlt Belly sich endlich nicht mehr wie ein kleines Mädchen, sondern wie eine attraktive junge Frau. Und endlich interessieren sich auch die Jungs für sie. Nur Conrad, in den sie schon immer heimlich verliebt war, reagiert zurückhaltender als früher. Und auch der sonst so fröhliche Jeremiah wirkt bedrückt. Was steckt dahinter? Belly begreift, dass ihr Kindheitstraum von den gemeinsamen Strandhausferien in diesem Jahr endet. Und dass sie ihn erst loslassen muss, bevor sie bereit ist für etwas Neues.</marc:subfield>
   </marc:datafield>
   <marc:datafield ind1=" " ind2=" " tag="020">
      <marc:subfield code="a">9783423086769</marc:subfield>
      <marc:subfield code="9">9783423086769</marc:subfield>
   </marc:datafield>
   <marc:datafield ind1=" " ind2=" " tag="041">
      <marc:subfield code="a">ger</marc:subfield>
   </marc:datafield>
   <marc:datafield ind1="0" ind2=" " tag="490">
      <marc:subfield code="v">1</marc:subfield>
   </marc:datafield>
   <marc:datafield ind1=" " ind2=" " tag="338">
      <marc:subfield code="a">Band</marc:subfield>
   </marc:datafield>
   <marc:datafield ind1=" " ind2=" " tag="300">
      <marc:subfield code="a">320 Seiten</marc:subfield>
   </marc:datafield>
</marc:record>
